| 000 | 00408 a2200145 4500 | ||
|---|---|---|---|
| 020 | _a8186830235 | ||
| 040 |
_aDLC _bDLC |
||
| 082 | _a428.2 | ||
| 245 |
_aGrammar Speech & Style _cPentagon |
||
| 260 |
_aNew Delhi : _bPentagon Press, _cc2004. |
||
| 300 |
_a270 p. : _c20 cm. |
||
| 440 | _aPentagon's reference library | ||
| 650 |
_aEnglish language _xStyle -- Handbooks, manuals, etc. |
||
| 942 |
_cBK _k428.2 PEN _2ddc |
||
| 999 |
_c4811 _d4811 |
||